00719cam a22002294a 450000500170000000800390001702000150005604000180007104100080008904200080009704400080010508200180011310000150013124500560014625000220020226000360022430000900026050000230035063000460037365000440041970000260046320160419083311.0010404t2000 caua fr 001 0 eng a0782129781 aDLCcDLCdDLC0 aeng apcc axxu04a005.133bG39v1 aGetz, Ken.10aVBA developer's handbook /cKen Getz, Mike Gilbert. aSegunda edición aSan Francisco :bSybex,cc2000. axxx, 1073 páginas :bilustraciones ;c23 x 19 centímetros +e1 CD-ROM (4 3/4 in.) aIncluye índices.14aMicrosoft Visual Basic para aplicaciones. 0aAplicación informáticaxDesarrollo.1 aGilbert, Mike.eautor